Basic Electronics & Linear Circuits (Record no. 6875)

MARC details
000 -LEADER
fixed length control field 00438nam a2200169Ia 4500
008 - FIXED-LENGTH DATA ELEMENTS--GENERAL INFORMATION
fixed length control field 221030s9999 xx 000 0 und d
020 ## - INTERNATIONAL STANDARD BOOK NUMBER
ISBN 0074519654
041 ## - LANGUAGE CODE
Language code of text/sound track or separate title
082 ## - DEWEY DECIMAL CLASSIFICATION NUMBER
Classification number 105.23
Item number Bha
100 ## - MAIN ENTRY--AUTHOR NAME
Personal name N. N. Bhargava
245 #0 - TITLE STATEMENT
Title Basic Electronics & Linear Circuits
Statement of responsibility, etc by N. N. Bhargava, D. C. Kulshreshtha
260 ## - PUBLICATION, DISTRIBUTION, ETC. (IMPRINT)
Name of publisher TMH
Place of publication New Delhi
Year of publication 2000
300 ## - PHYSICAL DESCRIPTION
Number of Pages 490
650 ## - SUBJECT ADDED ENTRY--TOPICAL TERM
Topical Term ECE
700 ## - ADDED ENTRY--PERSONAL NAME
Personal name D. C. Kulshreshtha
942 ## - ADDED ENTRY ELEMENTS (KOHA)
Koha item type Books
Holdings
Accession Number Cost, normal purchase price Full call number Price effective from Koha item type Withdrawn / writtenoff status Materials specified (bound volume or other part) Damaged status Not for loan Permanent Location Current Location Shelving location Date acquired Lost/ Missing status department Source of acquisition
BE 2534 140.00 105.23 Bha 10/30/2022 Books   Print     MIET Library, Jammu MIET Library, Jammu BL-Academic Block- A, FL-1, CUP-12, SH-3, R-3 02/09/2001   BE  
BE 2535 140.00 105.23 Bha 10/30/2022 Books   Print     MIET Library, Jammu MIET Library, Jammu BL-Academic Block- A, FL-1, CUP-12, SH-3, R-3 02/09/2001   BE  
BE 2536 140.00 105.23 Bha 10/30/2022 Books   Print     MIET Library, Jammu MIET Library, Jammu BL-Academic Block- A, FL-1, CUP-12, SH-3, R-3 02/09/2001   BE  
BE 2537 140.00 105.23 Bha 10/30/2022 Books   Print     MIET Library, Jammu MIET Library, Jammu BL-Academic Block B, FL-2, CUP-12, SH-2, R-2 02/09/2001   BE  
BB 708 350.00   10/30/2022 Books   Print     MIET Library, Jammu MIET Library, Jammu BL-Academic Block B, FL-2, CUP-103, SH-3, R-3 10/12/2015   BB Gifted by Mrs. Juhi Chib ( Ex-Student of CSE - 1999 )